Statistiken für Anamnesegespräch Kriterien

Klicken Sie hier um das Quiz zu spielen!

Allgemein

  • Dieses Quiz wurde 12 mal gespielt
  • Das Durchschnittsergebnis liegt bei 4 aus 29

Antwortstatistiken

Anamnesekriterien% Korrekt
Alter
75%
Geschlecht
75%
Vorerkrankung
50%
Gewicht
38%
Allergien
25%
Beruf
25%
Adresse / Kontaktdaten
13%
Diagnose
13%
Erst-/ o. Folgeversorgung
13%
Freizeitaktivitäten
13%
Gangbild
13%
Hauttemperatur
13%
Nagelzustand
13%
Narben
13%
offene Wunden
13%
Sensibilitäts- / Empfindlichkeitstest
13%
Symptome
13%
Beweglichkeit der Gelenke
0%
Druckempfinden
0%
Einrichtungen
0%
Hautbeschaffenheit (Rötungen, Schwellungen, Hämatome)
0%
knöcherne Prominenzen
0%
kognitive/körperliche Einschränkungen
0%
Körperhaltung
0%
Körper- und Schuhgröße
0%
Krankenkasse
0%
Rezeptdaten
0%
Schmerzensdauer
0%
Verletzungen
0%

Verteilung der Resultate

Perzentil nach korrekt beantworteten Fragen

Anzahl Personen mit jedem Resultat

Ihre Resultats-Entwicklung

Sie haben dieses Quiz noch nicht gespielt